Flowers of Indus Valley Civilization (Record no. 226004)
[ view plain ]
| 000 -LEADER | |
|---|---|
| fixed length control field | 00457nam a22001817a 4500 |
| 005 - DATE AND TIME OF LATEST TRANSACTION | |
| control field | 20221221142205.0 |
| 008 - FIXED-LENGTH DATA ELEMENTS--GENERAL INFORMATION | |
| fixed length control field | 221221b ||||| |||| 00| 0 eng d |
| 040 ## - CATALOGING SOURCE | |
| Transcribing agency | AL |
| 041 ## - LANGUAGE CODE | |
| Language code of text/sound track or separate title | English |
| 082 ## - DEWEY DECIMAL CLASSIFICATION NUMBER | |
| Edition number | 23 |
| Classification number | 954.01 |
| Item number | BHAF |
| 100 ## - MAIN ENTRY--PERSONAL NAME | |
| Personal name | G L Bhagat |
| 100 ## - MAIN ENTRY--PERSONAL NAME | |
| 9 (RLIN) | 67256 |
| 245 ## - TITLE STATEMENT | |
| Title | Flowers of Indus Valley Civilization |
| 260 ## - PUBLICATION, DISTRIBUTION, ETC. | |
| Date of publication, distribution, etc. | 2010 |
| 300 ## - PHYSICAL DESCRIPTION | |
| Extent | 193 p. |
| Other physical details | PB |
| Dimensions | 20x14 cm. |
| 650 ## - SUBJECT ADDED ENTRY--TOPICAL TERM | |
| Topical term or geographic name entry element | Civilization |
| 9 (RLIN) | 67257 |
| 700 ## - ADDED ENTRY--PERSONAL NAME | |
| Personal name | BHAGAT (G L) |
| 9 (RLIN) | 67258 |
| 942 ## - ADDED ENTRY ELEMENTS (KOHA) | |
| Source of classification or shelving scheme | Dewey Decimal Classification |
| Koha item type | Donated Books |
| Withdrawn status | Lost status | Source of classification or shelving scheme | Damaged status | Not for loan | Collection code | Home library | Current library | Date acquired | Total Checkouts | Full call number | Barcode | Date last seen | Price effective from | Koha item type | Public note |
|---|---|---|---|---|---|---|---|---|---|---|---|---|---|---|---|
| Dewey Decimal Classification | History | St Aloysius Library | St Aloysius Library | 12/02/2014 | 954.01 BHAF | D05469 | 12/21/2022 | 12/21/2022 | Donated Books | Donated by V.T. Rajshekar |